Bilecik Bilecik Bilecik Bilecik Bilecik

The Turkic civilization in the context of history and globalization = (Record no. 16699)

MARC details
000 -BAŞLIK
Sabit Uzunluktaki Kontrol Alanı 01298nam a22003257a 4500
001 - KONTROL NUMARASI
Control Dosyası 0016738
003 - KONTROL NUMARASI KİMLİĞİ
Kontrol Alanı KOHA_MİRAKIL
005 - EN SON İŞLEM TARİHİ ve ZAMANI
Kontrol Alanı 20260207002115.0
007 - FİZİKSEL TANIM SABİT ALAN - GENEL BİLGİ
Sabit uzunluklu kontrol alanı ta
008 - SABİT UZUNLUKTAKİ VERİ ÖGELERİ - GENEL BİLGİ
Sabit Alan 100426b2004 kg |||gr||||#||||0|tur |
040 ## - KATALOGLAMA KAYNAĞI
Özgün Kataloglama Kurumu TR-BiSEU
Kataloglama Dili tur
Çeviri Kurumu TR-BiSEU
Açıklama Kuralları rda
041 0# - DİL KODU
Metin ya da ses kaydının dil kodu tur
044 ## - YAYINLAYAN/ÜRETEN KURULUŞUN ÜLKE KODU
ISO country code kg
050 ## - SINIFLAMA ve YER NUMARASI
Sınıflama Numarası DS26
Yer Numarası .M65 2004
100 1# - KİŞİ ADI
Yazar Adı (Kişi adı) Moldobayev, Karybek.
240 10 - TEK BİÇİM BAŞLIK
Tekbiçim Başlık <a href="Tarih ve küreselleşme ışığında Türk uygarlığı">Tarih ve küreselleşme ışığında Türk uygarlığı</a>
Language of a work Türkçe
245 14 - ESER ADI BİLDİRİMİ
Başlık The Turkic civilization in the context of history and globalization =
Alt Eseradı vb. Tarih ve küreselleşme ışığında Türk uygarlığı/
Sorumluluk Bildirimi Karybek Moldobayev ; Karybek Moldobayev.
264 #1 - ÜRERİM, YAYIN, DAĞITIM ve TELİF BİLDİRİMİ
Yayın yeri Bishkek :
Yayınlayan Kyrgyz-Turkish Manas Univ.
Yayın tarihi 2004
300 ## - FİZİKSEL TANIMLAMA
Sayfa, Cilt vb. 92 sayfa
336 ## - İÇERİK TÜRÜ
Content type term metin
Content type code txt
Source rdacontent
337 ## - MEDYA TÜRÜ
Media type term aracısız
Media type code n
Source rdamedia
338 ## - TAŞIYICI TÜRÜ
Carrier type term cilt
Carrier type code nc
Source rdacarrier
490 1# - DİZİ BİLDİRİMİ
Dizi Bildirimi 0 Kyrgyz-Turkish Manas University Publication ;
Cilt Numarası 62, Center for Turkic Civilization Studies Publication ;
-- 7
500 ## - GENEL NOT
Genel Not Kaynakça var.
500 ## - GENEL NOT
Genel Not Türkçe , İngilizce ve Kırgızca metin var.
650 #0 - KONU BAŞLIĞI EK GİRİŞ - KONU TERİMİ
Konusal terim veya coğrafi ad Civilization, Turkic.
9 (RLIN) 24442
650 #0 - KONU BAŞLIĞI EK GİRİŞ - KONU TERİMİ
Konusal terim veya coğrafi ad Turkic peoples--History.
9 (RLIN) 12187
830 1# - SERİ EK GİRİŞİ - TEKBİÇİM ESER ADI
Tekbiçim Başlık 0 Kyrgyz-Turkish Manas University Publication ;
Volume number/sequential designation 62, Center for Turkic Civilization Studies Publication ;
-- 7
9 (RLIN) 38800
942 ## - EK GİRİŞ ÖGELERİ (KOHA)
Source of classification or shelving scheme Library of Congress Classification
Koha item type Book
Holdings
Materyal Türü Kalıcı Konum Mevcut Konum Raf Yeri Sınıflandırma Kaynağı Edinim Bilgisi Ana Konular Alt Konular Yer Numarası Demirbaş Numarası Fatura Tarihi Maliyet, Alış Fiyatı Maliyet, Yenileme Fiyatı Geri Çekilme Durumu Kayıp Durumu Hasarlı Durumu Kredi için değil Kayıt Tarih Toplam Ödünçverme Son Görülme Tarihi Son Kontrol Tarihi Genel / Bağış Notu
Book Prof. Dr. Azmi Özcan Kütüphanesi Prof. Dr. Azmi Özcan Kütüphanesi Uluğbey Salonu Library of Congress Classification Bağış DÜNYA TARİHİ (AVRUPA, ASYA, AFRİKA VB.) Asya DS26 .M65 2004 0016738 13/08/2010 10.00 10.00         26/04/2010   05/12/2024 05/12/2024 Genel Bağış